000 00445nam a2200133Ia 4500
008 181023s9999 xx 000 0 und d
020 _a9781138688155
100 _aCarter, Susan.
245 _cSusan Carter, Beborah Laurs.--
_aDeveloping research writing :
_ba handbook for supervisors and advisors /
260 _aNew York :
_bRoutledge
_c2018
300 _axviii, 257 pages.
650 _aAcademic writing.
650 _aResearch -- methodology.
999 _c359334
_d359334